Fundamentals of sociology of Education with reference to Africa / (Record no. 1203)
| 000 -LEADER | |
|---|---|
| fixed length control field | 01391nam a22002297a 4500 |
| 003 - CONTROL NUMBER IDENTIFIER | |
| control field | OSt |
| 005 - DATE AND TIME OF LATEST TRANSACTION | |
| control field | 20140116120848.0 |
| 008 - FIXED-LENGTH DATA ELEMENTS--GENERAL INFORMATION | |
| fixed length control field | 130801b xxu||||| |||| 00| 0 eng d |
| 020 ## - INTERNATIONAL STANDARD BOOK NUMBER | |
| International Standard Book Number | 9789966846815 |
| 040 ## - CATALOGING SOURCE | |
| Original cataloging agency | LC191.8.A35 2007 |
| 100 ## - MAIN ENTRY--PERSONAL NAME | |
| Personal name | Kibera, Lucy Wairimu |
| 245 ## - TITLE STATEMENT | |
| Title | Fundamentals of sociology of Education with reference to Africa / |
| Statement of responsibility, etc | Lucy Wairimu Kibera and Kimokoti Agnes |
| 260 ## - PUBLICATION, DISTRIBUTION, ETC. (IMPRINT) | |
| Place of publication, distribution, etc | Nairobi : |
| Name of publisher, distributor, etc | University of Nairobi Press, |
| Date of publication, distribution, etc | 2007. |
| 300 ## - PHYSICAL DESCRIPTION | |
| Extent | xii, 203p. |
| 500 ## - GENERAL NOTE | |
| General note | E-book accessible |
| 504 ## - BIBLIOGRAPHY, ETC. NOTE | |
| Bibliography, etc | Includes bibliographical reference and index. |
| 505 ## - FORMATTED CONTENTS NOTE | |
| Formatted contents note | 1. Sociology<br/>2. Origins and Development of Sociology of Education<br/>3. Sociological Theories and their Application to Education<br/>4. Socialization and Education<br/>5. Role and Purpose of Indigenous Education<br/>6. Moral Education Among AfricanIndigenous Societies in Pre colonial Era<br/>7. Culture and Education<br/>8. Education and Social Stratification<br/>9. The Sociology of the Classroom<br/>10. Gender and Education<br/>11. The Teacher and the Teaching Profession<br/>12. Who Joins the Teaching Profession? A Case Study of Undergraduate Students'Attitudes and Perceptions Towards the Teaching Profession |
| 650 ## - SUBJECT ADDED ENTRY--TOPICAL TERM | |
| Topical term or geographic name as entry element | Educational sociology -- |
| Geographic subdivision | Africa. |
| 700 ## - ADDED ENTRY--PERSONAL NAME | |
| Personal name | Kimokoti, Agnes. |
| 856 ## - ELECTRONIC LOCATION AND ACCESS | |
| Uniform Resource Identifier | <a href="http://site.ebrary.com/lib/riara/docDetail.action?docID=10394819&p00=kimokoti">http://site.ebrary.com/lib/riara/docDetail.action?docID=10394819&p00=kimokoti</a> |
| Link text | Click here to access e-book |
| 942 ## - ADDED ENTRY ELEMENTS (KOHA) | |
| Source of classification or shelving scheme | |
| Koha item type | Book |
| Withdrawn status | Lost status | Source of classification or shelving scheme | Damaged status | Not for loan | Home library | Current library | Date acquired | Cost, normal purchase price | Total Checkouts | Full call number | Barcode | Date last seen | Date checked out | Copy number | Price effective from | Koha item type | Total Renewals |
|---|---|---|---|---|---|---|---|---|---|---|---|---|---|---|---|---|---|
| Riara University Library | Riara University Library | 01/08/2013 | 600.00 | 23 | LC191.8.A35 2007 | 4000/13 | 11/12/2023 | 02/11/2023 | C.1 | 01/08/2013 | Book | ||||||
| Riara University Library | Riara University Library | 01/08/2013 | 600.00 | 28 | LC191.8.A35 2007 | 3999/13 | 20/11/2018 | 06/11/2018 | C.2 | 01/08/2013 | Book | 10 | |||||
| Riara University Library | Riara University Library | 01/08/2013 | 600.00 | 29 | LC191.8.A35 2007 | 3998/13 | 04/12/2017 | 11/11/2017 | C.3 | 01/08/2013 | Book | 2 |
